|
|
|
|
| LEADER |
00912nam a22002652aa4500 |
| 001 |
001764981 |
| 003 |
CZ BrMZK |
| 005 |
20210329111517.0 |
| 007 |
ta |
| 008 |
200826s1969 ru a er|||||||||||rus d |
| 040 |
|
|
|a ABA008
|b cze
|d BOA001
|
| 080 |
|
|
|a 547
|
| 080 |
|
|
|a 577.1
|
| 245 |
0 |
0 |
|a Glikoproteiny /
|c pod redakcijej A. Gottšalka, V.A. Derevickej
|
| 260 |
|
|
|a Moskva :
|b Mir,
|c 1969
|
| 300 |
|
|
|a 2 sv. (304; 300 s.) :
|b il.
|
| 504 |
|
|
|a Obsahuje bibliografie
|
| 650 |
0 |
7 |
|a biochemie
|7 ph114149
|2 czenas
|
| 700 |
1 |
|
|a Gottschalk, Alfred,
|d 1894-1973
|7 mzk20211108547
|4 edt
|
| 700 |
1 |
|
|a Derevickaja, V.A.
|4 edt
|
| 910 |
|
|
|a BOA001
|b 3-0641.472
|s 1-2
|
| 990 |
|
|
|a BK
|
| 991 |
|
|
|b 202008
|
| 996 |
7 |
|
|b 2618850119
|c 3-0641.472
|d Tom 2.
|v 2
|l MZK
|r Sklad / do 1 hodiny
|n 0
|w 001820991
|u 000020
|a 1
|e BOA001
|j MZK50
|s A
|
| 996 |
7 |
|
|b 2618850120
|c 3-0641.472
|d Tom 1.
|v 1
|l MZK
|r Sklad / do 1 hodiny
|n 0
|w 001820991
|u 000010
|a 1
|e BOA001
|j MZK50
|s A
|